| 000 | 00495nam a2200205Ia 4500 | ||
|---|---|---|---|
| 003 | OSt | ||
| 005 | 20140315103601.0 | ||
| 008 | 140130s9999 xx 000 0 und d | ||
| 020 | _a0439520002 | ||
| 050 |
_aPZ 7 _b.K6797 2003 |
||
| 100 | _aKline, Suzy | ||
| 245 |
_aHorrible harry goes to the sea / _cSuzy Kline. |
||
| 260 |
_bScholastic, _c2003. _aNew York : |
||
| 300 |
_a57 p. : _bill. ; _c18 cm. |
||
| 440 | _v1 | ||
| 521 | _aG2 | ||
| 526 | _c420 | ||
| 942 |
_cBK _2lcc |
||
| 999 |
_c40301 _d40301 |
||